000 00627nam a2200169Ia 4500
008 180921t2017 xxu||||| |||| 00| 0 sin d
041 _asin
080 _a8-31
_bඕඩෙල්
100 _aඕ'ඩෙල්, ස්කොට්
245 _aකොදෙව් දියණිය
260 _bවිජේසූරිය ග්‍රන්ථ කේන්ද්‍රය
_aපුංචි බොරැල්ල
_c2017
300 _aසෙ.මී.21, පි.156
700 _aපසිඳු කල්හාර මැදගෙදර
_eපරි.
942 _cBK
999 _c10956
_d10956
003 LK-CoDNM
040 _aLK-CoDNM
_dLK-CoDNM
_eLK-CoDNM